| 000 | 00780nam a22002297a 4500 | ||
|---|---|---|---|
| 999 |
_c19868 _d19868 |
||
| 003 | AR-CdUCM | ||
| 008 | 190523b ||||| |||| 00| 0 spa d | ||
| 040 |
_aMUNICIPALIDAD PROVINCIAL DEL CUSCO _cBIBLIOTECA MUNICIPAL DEL CUSCO |
||
| 041 | _heng | ||
| 082 |
_22ed _a532 / _bV44 |
||
| 100 |
_aVennard, John K. _941537 |
||
| 245 | _aElementos de la mecánica de los fluidos / | ||
| 260 |
_aMéxico : _bContinental, _c1964. |
||
| 300 |
_a479 páginas ; _bDiagramas, _c23 cm. |
||
| 505 | _aContenido: Principios -- Hidrostatica -- Principios de flujo unidimensional... | ||
| 650 |
_aFluidos _918908 |
||
| 650 |
_aMecánica _918682 |
||
| 650 |
_aHidrostática _941538 |
||
| 700 |
_aGutierrez Mendez, Manuel (traducción) _941539 |
||
| 942 |
_2ddc _cLIBROS |
||
| 945 |
_adavv _d2019-05-23 |
||